| 000 | 01235 a2200205 4500 | ||
|---|---|---|---|
| 001 | 28415 | ||
| 005 | 20260407155556.0 | ||
| 008 | 260407a1996 arg spa d | ||
| 003 | AR-UNSa-BCEJYS | ||
| 040 |
_aAR-UNSa-BCEJYS _bspa _cAR-UNSa-BCEJYS |
||
| 080 |
_a347.925 _xConciliación. Avenencia (Mediación) |
||
| 245 | 1 | 0 |
_aMediación prejudicial y conciliación _pcomentario de la Ley 24.573 y su reglamentación |
| 020 | _a950-572-349-0 | ||
| 264 | 1 |
_aBuenos Aires : _bVíctor P. de Zavalía _c1996 |
|
| 300 |
_a327 p. _c23 cm. |
||
| 505 | _a1. El conflicto y la disputa - 2. Negociación - 3. Racionalidad económica y negociación - 4. La mediación - 5. Algunos aspectos psicológicos del quehacer del mediador - 6. Cuatro teorías sobre la mediación - 7. La mediación pre-judicial obligatoria - 8. Intervención de los letrados en la mediación - 9. Deberes del mediador. Aspectos éticos de su actividad - 10. El contenido del acuerdo en la mediación y en la conciliación - 11. Organización y funcionamiento del sistema de mediación - 12. La conciliación a cargo del juez de la causa - 13. Régimen de la mediación privada | ||
| 942 | _cBK | ||
| 590 | _aniveau_biblio:m niveau_hierar:0 | ||
| 100 | 1 | _aBianchi, Roberto A. | |
| 999 |
_c1712 _d1712 |
||